Food Sorting Gallery III Quiz Stats

 Plays Quiz Updated Jun 26, 2017

Support Sporcle.
Go Orange.
Score 0/55 Timer 07:00
12 Plays Today
% Correct
Banana
99%
Grape
98.5%
Peach
98.4%
Pear
98.4%
Mango
98.3%
Lemon
98.1%
Raspberry
97.2%
Watermelon
97.2%
Steaming
96.7%
Barbecuing
96.3%
Baking
96.2%
Broiling
96.2%
Simmering
96.2%
Poaching
96.1%
Blanching
95.8%
Stewing
95.7%
Pomegranate
95.7%
Sautéing
95.6%
Bratwurst
94.8%
Sweet
93.9%
Salty
93.7%
Sour
93.7%
Bitter
93.5%
Cheddar
92.8%
Big Mac
92.8%
Salami
92.4%
Quesadilla
91.9%
Ascorbic acid
91.5%
% Correct
Enchilada
91.2%
Folic acid
90.9%
Mozzarella
90.5%
Whopper
90.3%
Gouda
89.6%
Riboflavin
89%
Thiamine
87.7%
Lentil
86.5%
Chile Relleno
86.3%
Niacin
86.3%
Taco
86.1%
Carnitas
86.1%
Kielbasa
85.6%
Quail
85%
Retinol
84.7%
Chickpea
84.6%
Soybean
83.6%
Andouille
80.4%
Tamale
80.1%
Chipolata
72.2%
Cumberland
69.8%
Morcilla
68.9%
Black pudding
67.7%
Umami
65.4%
Durian
64.6%
Emmental
57.6%
Pan Dulce
54.1%

You're not logged in!

Compare scores with friends on all Sporcle quizzes.
OR
Log In
Forgot?

From the Vault

'Down Under' Lyrics

by joemetfan

Wait, where does 'Men at Work' come from again?
Remove Ads.
Support Sporcle.
Get the best of Sporcle when you Go Orange. This ad-free experience offers more features, more stats, and more fun while also helping to support Sporcle. Thank you for becoming a member.

Show Comments

Extras

Top Quizzes Today


Score Distribution

Your Account Isn't Verified!

In order to create a playlist on Sporcle, you need to verify the email address you used during registration. Go to your Sporcle Settings to finish the process.

Report this User

Report this user for behavior that violates our Community Guidelines.

Details: